Pokemon TCG: Fusion Strike cards - Statistics

General Stats
  • This quiz has been taken 4 times
  • The average score is 180 of 284
Answer Stats
Hint Answer % Correct
102 Zeraora
100%
164 Absol
67%
014 Accelgor
67%
026 Appletun V
67%
020 Araquanid
67%
033 Arcanine
67%
082 Arrokuda
67%
059 Azumarill
67%
144 Baltoy
67%
083 Barraskewda
67%
070 Basculin
67%
151 Bewear
67%
203 Blissey
67%
103 | 249 Boltund V
67%
104 | 267 Boltund VMAX
67%
005 Breloom
67%
006 Breloom V
67%
226 Bug Catcher
67%
212 Buneary
67%
003 Butterfree
67%
162 Carvanha
67%
001 Caterpie
67%
048 | 049 Centiskorch
67%
039 | 247 Chandelure V
67%
040 | 265 Chandelure VMAX
67%
202 Chansey
67%
100 Charjabug
67%
080 Chewtle
67%
227 | 258 | 273 Chili & Cilan & Cress
67%
043 | 044 Cinderace V
67%
045 Cinderace VMAX
67%
065 Clamperl
67%
074 Clauncher
67%
075 Clawitzer
67%
145 Claydol
67%
152 Clobbopus
67%
051 Cloyster
67%
228 Cook
67%
192 Copperajah
67%
190 Corviknight
67%
076 | 248 Crabominable V
67%
165 Croagunk
67%
056 Croconaw
67%
231 Crossceiver
67%
230 Cross Switcher
67%
191 Cufant
67%
167 Darkrai
67%
211 Delcatty
67%
120 Deoxys
67%
019 Dewpider
67%
201 Dodrio V
67%
130 Dragapult
67%
129 Drakloak
67%
081 Drednaw
67%
128 Dreepy
67%
147 Drilbur
67%
207 Dunsparce
67%
184 Durant
67%
096 Eelektrik
67%
097 Eelektross
67%
205 Eevee
67%
025 Eldegoss
67%
088 Electrode
67%
233 | 260 | 275 Elesa's Sparkle
67%
183 Excadrill
67%
154 | 155 Falinks
67%
057 Feraligatr
67%
284 Fire Energy
67%
085 Frosmoth
67%
244 Fusion Strike Energy
67%
117 Galarian Corsola
67%
118 Galarian Cursola
67%
072 Galarian Darmanitan
67%
071 Galarian Darumaka
67%
160 Galarian Linoone
67%
180 Galarian Meowth
67%
161 Galarian Obstagoon
67%
181 Galarian Perrserker
67%
159 Galarian Zigzagoon
67%
169 Garbodor
67%
185 | 254 | 255 Genesect V
67%
156 Gengar V
67%
157 | 271 Gengar VMAX
67%
135 Geodude
67%
140 Gligar
67%
141 Gliscor
67%
137 Golem
67%
197 Goodra
67%
195 Goomy
67%
067 Gorebyss
67%
024 Gossifleur
67%
116 Granbull
67%
153 Grapploct
67%
283 Grass Energy
67%
136 Graveler
67%
217 | 256 | 257 Greedent V
67%
218 | 272 Greedent VMAX
67%
073 Greninja V
67%
178 Grimmsnarl
67%
032 Growlithe
67%
018 Grubbin
67%
143 Hariyama
67%
216 Hawlucha
67%
041 Heatmor
67%
099 Heliolisk
67%
098 Helioptile
67%
253 Hoopa V
67%
066 Huntail
67%
176 Impidimp
67%
127 Indeedee
67%
078 Inteleon V
67%
079 | 266 Inteleon VMAX
67%
110 Jigglypuff
67%
112 Jynx
67%
204 Kangaskhan
67%
186 Klefki
67%
148 Landorus
67%
054 Lapras
67%
193 Latias
67%
194 Latios
67%
011 Leavanny
67%
213 Lopunny
67%
146 Lucario V
67%
092 Luxio
67%
093 Luxray
67%
035 Magcargo
67%
142 Makuhita
67%
173 Mandibuzz
67%
133 Mankey
67%
061 Mantine
67%
012 Maractus
67%
058 Marill
67%
063 Marshtomp
67%
119 Mawile
67%
189 Melmetal
67%
124 Meloetta
67%
188 Meltan
67%
199 Meowth
67%
002 Metapod
67%
113 | 250 | 251 Mew V
67%
114 | 268 | 269 Mew VMAX
67%
090 Minun
67%
177 Morgrem
67%
109 | 179 Morpeko
67%
062 Mudkip
67%
121 Munna
67%
122 Musharna
67%
030 | 031 Ninetales
67%
138 Onix
67%
042 Oricorio
67%
126 Palossand
67%
149 Pancham
67%
174 Pangoro
67%
068 Panpour
67%
007 Pansage
67%
037 Pansear
67%
200 Persian
67%
016 Phantump
67%
086 Pikachu V
67%
089 Plusle
67%
236 | 281 Power Tablet
67%
134 Primeape
67%
077 Pyukumuku
67%
237 Quick Ball
67%
060 Qwilfish
67%
022 Rillaboom V
67%
023 Rillaboom VMAX
67%
094 Rotom
67%
131 Sandshrew
67%
132 Sandslash
67%
125 Sandygast
67%
009 Sewaddle
67%
163 Sharpedo
67%
240 | 263 | 278 Shauna
67%
050 Shellder
67%
013 Shelmet
67%
091 Shinx
67%
004 Shroomish
67%
123 Sigilyph
67%
069 Simipour
67%
008 Simisage
67%
038 Simisear
67%
046 | 047 Sizzlipede
67%
182 Skarmory
67%
210 Skitty
67%
196 Sliggoo
67%
034 Slugma
67%
209 Smeargle
67%
084 Snom
67%
206 Snorlax
67%
115 Snubbull
67%
208 Stantler
67%
053 Starmie
67%
052 Staryu
67%
139 Steelix
67%
150 Stufful
67%
010 Swadloon
67%
064 Swampert
67%
187 Togedemaru
67%
055 Totodile
67%
105 | 106 Toxel
67%
166 Toxicroak
67%
107 | 108 Toxtricity
67%
017 Trevenant
67%
168 Trubbish
67%
021 | 246 Tsareena V
67%
198 Turtonator
67%
095 Tynamo
67%
158 Tyranitar V
67%
036 Victini
67%
101 Vikavolt
67%
015 Virizion
67%
087 Voltorb
67%
172 Vullaby
67%
028 | 029 Vulpix
67%
111 Wigglytuff
67%
221 | 222 Wooloo
67%
175 Yveltal
67%
027 Zarude
67%
171 Zoroark
67%
170 Zorua
67%
225 Battle VIP Pass
33%
214 Bunnelby
33%
245 Celebi V
33%
220 Corvisquire
33%
229 Cram-o-matic
33%
232 | 259 | 274 Dancer
33%
215 Diggersby
33%
223 Dubwool
33%
270 Espeon VMAX
33%
234 Farewell Bell
33%
280 Flaaffy
33%
235 Judge
33%
219 Rookidee
33%
252 Sandaconda V
33%
238 | 261 | 276 Schoolboy
33%
239 | 262 | 277 Schoolgirl
33%
241 | 264 | 279 Sidney
33%
242 Skaters' Park
33%
243 Spongy Gloves
33%
282 Training Court
33%
224 Adventure's Discovery
0%
No matching quizzes found
Score Distribution
Percent of People with Each Score
Percentile by Number Answered
Your Score History
You have not taken this quiz